000 00230nam a2200109Ia 4500
100 _aMitin/Vladimir V
942 _cBK
245 _aIntroduction to Nanoelectronics
260 _bCambrideg
_c2008
546 _aENGLISH
999 _c26094
_d26094